Oppression and liberty / (Record no. 41809)
[ view plain ]
| 000 -LEADER | |
|---|---|
| fixed length control field | 00600nam a2200217 a 4500 |
| 001 - CONTROL NUMBER | |
| control field | 41809 |
| 003 - CONTROL NUMBER IDENTIFIER | |
| rucl marc code | BD-rjul |
| 005 - DATE AND TIME OF LATEST TRANSACTION | |
| control field | 20211209053444.0 |
| 008 - FIXED-LENGTH DATA ELEMENTS--GENERAL INFORMATION | |
| fixed length control field | 160606s19721958enk 000 0 eng d |
| 020 ## - INTERNATIONAL STANDARD BOOK NUMBER | |
| International Standard Book Number | 0710074913 |
| 035 ## - SYSTEM CONTROL NUMBER | |
| System control number | (BD-RjUL)41927 |
| 040 ## - CATALOGING SOURCE | |
| Original cataloging agency | BD-RjUL |
| Language of cataloging | eng |
| Transcribing agency | BD-RjUL |
| 041 ## - LANGUAGE CODE | |
| Language code of text/sound track or separate title | eng |
| 082 ## - DEWEY DECIMAL CLASSIFICATION NUMBER | |
| Edition number | 23 |
| Author mark and year | WEO 1972 |
| Classification number | 335 |
| 100 1# - MAIN ENTRY--PERSONAL NAME | |
| Personal name | Weil, Simone, |
| Dates associated with a name | 1909-1943. |
| 9 (RLIN) | 128426 |
| 245 10 - TITLE STATEMENT | |
| Title | Oppression and liberty / |
| Statement of responsibility, etc. | Simone, Weil |
| 260 ## - PUBLICATION, DISTRIBUTION, ETC. (IMPRINT) | |
| Place of publication, distribution, etc. | London : |
| Name of publisher, distributor, etc. | Routledge and Kegan Paul, |
| Date of publication, distribution, etc. | 1958 |
| -- | [Reprint 1972] |
| 300 ## - PHYSICAL DESCRIPTION | |
| Pagination | viii, 195p. ; |
| Size | 19 cm. |
| 650 #0 - SUBJECT ADDED ENTRY--TOPICAL TERM | |
| Topical term or geographic name as entry element | Socialism |
| 9 (RLIN) | 128438 |
| 942 ## - ADDED ENTRY ELEMENTS (KOHA) | |
| Source of classification or shelving scheme | Dewey Decimal Classification |
| Koha item type | Books |
| Lost status | Source of classification or shelving scheme | Damaged status | Not for loan | Collection code | Permanent Location | Current Location | Shelving location | Date acquired | Source of acquisition | Cost, normal purchase price | Total Checkouts | Full call number | Date last seen | Copy number | Koha item type |
|---|---|---|---|---|---|---|---|---|---|---|---|---|---|---|---|
| Dewey Decimal Classification | Non-fiction | Central Library, University of Rajshahi | Central Library, University of Rajshahi | 22/12/1975 | Gonaltham Wre | 2.25 | 335 WEO 1972 | 06/06/2016 | C-2 | Books | |||||
| Dewey Decimal Classification | Non-fiction | Central Library, University of Rajshahi | Central Library, University of Rajshahi | 22/12/1975 | Gonaltham Wre | 2.25 | 335 WEO 1972 | 06/06/2016 | C-3 | Books | |||||
| Dewey Decimal Classification | Non-fiction | Central Library, University of Rajshahi | Central Library, University of Rajshahi | 22/12/1975 | Gonaltham Wre | 2.25 | 335 WEO 1972 | 06/06/2016 | C-4 | Books |